000 00867nas a2200301 4500
001 BR2013009264
003 BR-BrBNA
005 20231205123239.0
007 ta
008 230509b bl.|||p| |||| 00| 00por d
040 _aBR-BrBNA
_bpor
_cBiblioteca Nacional de Agricultura
041 _a(Pt)
072 _aF60
100 1 _aSilva Junior, A.A.
100 1 _aSalerno, A.R.
100 1 _aOliveira, P.F. de
100 1 _aUliana, N.R.
100 1 _aMachado, R.A.F.
100 1 _aDeschamps, F.C.
245 1 _aYerba dulce: a mais doce das ervas do mundo
650 _aPLANTA MEDICINAL
650 _aADOÇANTE
650 _aBIOQUÍMICA VEGETAL
650 _aVERBENACEAE
773 0 _tAgropecuária Catarinense (Brazil)
_xISSN 0103-0779
_g(Jul 2013), v. 26(2) p. 37-40
_wBR2013009264
909 _a202311
_bLúcia
_c55
_dLúcia Elande
942 _2AGRIS
_n0
_cANA
999 _c232912
_d232912